Organizational behaviour and work : (Record no. 12632)
[ view plain ]
| 000 -LEADER | |
|---|---|
| fixed length control field | 02668cam a2200349 i 4500 |
| 001 - CONTROL NUMBER | |
| control field | 20129419 |
| 005 - DATE AND TIME OF LATEST TRANSACTION | |
| control field | 20251114065941.0 |
| 008 - FIXED-LENGTH DATA ELEMENTS--GENERAL INFORMATION | |
| fixed length control field | 171103s2018 enka b 001 0 eng d |
| 010 ## - LIBRARY OF CONGRESS CONTROL NUMBER | |
| LC control number | 2017959734 |
| 020 ## - INTERNATIONAL STANDARD BOOK NUMBER | |
| International Standard Book Number | 0198777132 |
| 020 ## - INTERNATIONAL STANDARD BOOK NUMBER | |
| International Standard Book Number | 9780198777137 |
| 035 ## - SYSTEM CONTROL NUMBER | |
| System control number | (OCoLC)on1012749601 |
| 040 ## - CATALOGING SOURCE | |
| Original cataloging agency | YDX |
| Language of cataloging | eng |
| Transcribing agency | YDX |
| Description conventions | rda |
| Modifying agency | H2K |
| -- | OCLCF |
| -- | UKOBU |
| -- | DLC |
| -- | BSULIB |
| 042 ## - AUTHENTICATION CODE | |
| Authentication code | lccopycat |
| 050 00 - LIBRARY OF CONGRESS CALL NUMBER | |
| Classification number | HD58.7 |
| Item number | .W548 2018 |
| 082 00 - DEWEY DECIMAL CLASSIFICATION NUMBER | |
| Classification number | 302.3/5 |
| Edition number | 23 |
| Item number | WIL |
| 100 1# - MAIN ENTRY--PERSONAL NAME | |
| Personal name | Wilson, Fiona M. |
| Fuller form of name | (Fiona Margaret), |
| Dates associated with a name | 1955- |
| Relator term | author. |
| 9 (RLIN) | 24695 |
| 245 10 - TITLE STATEMENT | |
| Title | Organizational behaviour and work : |
| Remainder of title | a critical introduction / |
| Statement of responsibility, etc | Fiona M. Wilson.. |
| 250 ## - EDITION STATEMENT | |
| Edition statement | 5th ed. |
| 260 ## - PUBLICATION, DISTRIBUTION, ETC. (IMPRINT) | |
| Place of publication, distribution, etc | New York: |
| Name of publisher, distributor, etc | Oxford University Press; |
| Date of publication, distribution, etc | 2018. |
| 300 ## - PHYSICAL DESCRIPTION | |
| Extent | xix, 433 pages : |
| Other physical details | ill. (some col.) ; |
| Dimensions | 25 cm. |
| 504 ## - BIBLIOGRAPHY, ETC. NOTE | |
| Bibliography, etc | Includes bibliographical references and index. |
| 505 ## - FORMATTED CONTENTS NOTE | |
| Formatted contents note | Part 1: Approaching management critically 1: --Setting the scene --2:Employees' views of work --3:Managerial views of work --4:The rationality of management --5:Sexuality, sex typing, and gender<br/><br/>Part 2: Classic organizational behaviour and the critique --6:Motivation --7:Leadership --8:Perception --9:Personality --10:Organizational learning --11:Culture --12:Teams and teamworking --13:Structure --14:All change? Part 3: The core of critical approaches --15:Managerial power and control --16:Organizational misbehaviour --17:Voluntary, not-for-profit, and alternative organizations --18:Health, well-being, emotion, and stress |
| 520 8# - SUMMARY, ETC. | |
| Summary, etc | A critical yet accessible introduction to organisational behaviour and work, this book will help you understand the complexities of organisational life and evaluate modern business practices. Classic organisational behaviour topics such as team-working, motivation, and change are complemented by core critical approaches such as power and control, organisational misbehaviour, and health and well-being through a clear three-part structure. Students are encouraged to look beyond a descriptive approach and truly engage with the content. Examples and 'Stop and Think' boxes placed throughout chapters, as well as end-of-chapter case studies with accompanying questions, provide the opportunity for this engagement and show how each chapter's theoretical coverage applies in real-life business situations. |
| 650 #0 - SUBJECT ADDED ENTRY--TOPICAL TERM | |
| Topical term or geographic name as entry element | Organizational behavior |
| Form subdivision | Textbooks. |
| 9 (RLIN) | 24696 |
| 650 #7 - SUBJECT ADDED ENTRY--TOPICAL TERM | |
| Topical term or geographic name as entry element | Organizational behavior. |
| Source of heading or term | fast |
| 9 (RLIN) | 625 |
| 655 #7 - INDEX TERM--GENRE/FORM | |
| Genre/form data or focus term | Textbooks. |
| Source of term | fast |
| -- | 22766 |
| 906 ## - LOCAL DATA ELEMENT F, LDF (RLIN) | |
| a | 7 |
| b | cbc |
| c | copycat |
| d | 2 |
| e | ncip |
| f | 20 |
| g | y-gencatlg |
| 942 ## - ADDED ENTRY ELEMENTS (KOHA) | |
| Source of classification or shelving scheme | Dewey Decimal Classification |
| Item type | Books |
| Withdrawn status | Lost status | Source of classification or shelving scheme | Damaged status | Use restrictions | Not for loan | Home library | Current library | Shelving location | Date acquired | Inventory number | Total Checkouts | Full call number | Barcode | Date last seen | Copy number | Price effective from | Koha item type | Public note |
|---|---|---|---|---|---|---|---|---|---|---|---|---|---|---|---|---|---|---|
| Dewey Decimal Classification | Restricted Access | Main Library | Main Library | Reserve Book Section | 14/11/2025 | 35493 | 302.3/5 WIL | bsu25110115 | 14/11/2025 | 001 | 14/11/2025 | Books | Material available in hard copy |